Organizations and the media : organizing in a mediatized world

"The relationship between media and the organizations they cover has changed dramatically in the last few decades, which have witnessed a huge expansion of news coverage focusing on different types of organizations and their activities. In parallel, organizations have dramatically increased the...

Πλήρης περιγραφή

Αποθηκεύτηκε σε:
Λεπτομέρειες βιβλιογραφικής εγγραφής
Άλλοι συγγραφείς: Pallas, Josef (Επιμελητής έκδοσης), Strannegard, Lars (Επιμελητής έκδοσης), Jonsson, Stefan, 1961- (Επιμελητής έκδοσης)
Μορφή: Βιβλίο
Γλώσσα:English
Δημοσίευση: New York : Routledge, 2014.
Σειρά:Routledge studies in management, organizations and society
Θέματα:
Ετικέτες: Προσθήκη ετικέτας
Δεν υπάρχουν, Καταχωρήστε ετικέτα πρώτοι!

MARC

LEADER 00000nam a2200000 a 4500
001 1/111555
008 160829s2014####nyu| ||| |001 |deng||
020 |a 9780415813655  
040 |a GR-MyUa  |b gre  |c GR-MyUa  |e AACR2 
041 0 |a eng 
082 7 |a 659.2   |2 (23)  
245 0 0 |a Organizations and the media :   |b organizing in a mediatized world /   |c edited by Josef Pallas, Lars Strannegard, and Stefan Jonsson.  
260 |a New York :   |b Routledge,   |c 2014.  
300 |a xxi, 258 σ. ;   |c 24 εκ.  
490 1 |a (Routledge studies in management, organizations and society) 
504 |a Περιλαμβάνει βιβλιογραφία και ευρετήριο.  
520 8 |a "The relationship between media and the organizations they cover has changed dramatically in the last few decades, which have witnessed a huge expansion of news coverage focusing on different types of organizations and their activities. In parallel, organizations have dramatically increased their investment in Public Relations and other media-oriented forms of communication. Like other societal developments--globalization, marketization, individualization, scientification--mediatization has become an institutional force.This book analyses the mediatization of contemporary organizations and how individual organizations, industry or markets are scrutinised. It examines its key influence on the actions of organizations, thereby shaping the entire landscape in which the organizations operate. What such a perspective provides is the accentuation of the interplay between organizations and different parts of the society as embedded in the media and its logic. This will be essential reading for professionals, academics and advanced students in Organizational Studies, Public Relations and Media Studies" -- Από τον εκδότη.  
650 0 |a Mass media and business 
650 0 |a Public relations. 
650 0 |a Communication in organizations. 
650 0 |a Corporations  |x Public relations. 
700 1 |a Pallas, Josef,  |e edt 
700 1 |a Strannegard, Lars,  |e edt 
700 1 |a Jonsson, Stefan,   |d 1961-  |e edt 
830 0 |a Routledge studies in management, organizations and society 
852 |a INST  |b LESVOS  |c BK  |e 20160829  |h 659.2 ORG  |p 005100058408  |q 005100058408  |t BK  |y 0 
922 |a 1ΕΛΗ  |b 2016-06  |c ΤΠΤΕ  |d Δρες 
970 |a Τζαφέρη  |b Ευαγγελία  |z 29-08-2016